000 00777nam a2200253Ia 4500
003 OSt
005 20221005042831.0
006 a|||||r|||| 00| 0
007 ta
008 221004b |||||||| |||| 00| 0 eng d
020 _a0748620753 (pbk)
_c1387.59
024 _a95901
037 _b27215, 09/03/2009, Segment Book Distributors
_cTextual
040 _aCRL
_cCRL
_beng
041 _2eng
_aeng
082 _aV1:19(zM).P1, P5
100 _aEvans Mark Ed.
245 0 _aJust war theory
_b A reappraisal
260 _aEdinburgh
_bEdinburgh University Press
_c2005
300 _axiv,237p.
_ccm.
650 _aHISTORY
942 _hV1:19(zM).P1, P5
_cTEXL
_2cc
999 _c950898
_d950898